000 nam a22 a 4500
999 _c390767
_d390767
003 BLK
005 20201028104325.0
008 180409b bul|||||r ||||||| ||bul||
010 _aKNG00105093000
040 _aBLK
041 _aFRE
_cFRE
080 _aНаказуеми действия (общо върху наказуемите действия)
_b343.23
_z343.23
100 _aLucas, M. Ch.
_eпърви автор
_9435698
139 _aLucas, M. Ch.
245 1 0 _aLe droit de legitime defense dans la penalite et dans la guerre et les congres scientifiques internationaux, relcames par les trois reformes relatives au systeme penitentiaire a l'abolition de la peine de mort et a la civilisation de la guerre
_cM. Ch. Lucas.
257 _aFRA
260 _aParis
_c1873
_9435699
_bA. Durand et Pedone Lauriel
260 _9213431
_bLibr. Guillaumin
300 _aXX, 168 с.
_c22 см
380 _a3
490 _9435080
_aКолекция Редки и ценни издания
500 _aДатирана: Ph. Filtchoff, Paris, le 18.01.1894. Подарява на русенската градска библиотека Ф. Филчев, Януар. 95.
650 0 _aСамоотбрана, законна - правни аспекти
_9435701
653 0 _aзаконна самоотбрана
_9435700
852 _aРф 873
_bРц
856 4 _qpdf
856 4 _qpdf
942 _cKNG
_n0
_s1
944 _aCR
_c2020-10-28
_kТД
944 _aED
_c03.05.2012
999 _d390767
999 _d390764
999 _d390764
999 _d390764
999 _d100075